| 000 | 01992nam a2200373 c 4500 | ||
|---|---|---|---|
| 003 | BLK | ||
| 005 | 20240711134949.0 | ||
| 008 | 180413b bul|||||r ||||||| ||bul|| | ||
| 010 | _aKNG00020347000 | ||
| 020 |
_a954-07-0990-3 _bиздат.: Унив. изд. Св. Климент Охридски |
||
| 040 | _aBLK | ||
| 041 |
_aBUL _cBUL |
||
| 080 |
_aТеория и философия на историята. Морфология на историята _b930.1 _x _z930.1 |
||
| 080 |
_aОбщи работи. Философски науки в цялост _b101 _x(091) _z101(091) |
||
| 100 | 1 |
_aКарлайл, Томас _eпърви автор _9262709 |
|
| 700 | 1 |
_aКръстева, Мария _d1957 - 2011 _qГеоргиева, Мария Кръстева _953160 |
|
| 700 | 1 |
_aПаси, Исак Соломон _eвъвед. _9363338 |
|
| 139 |
_aКарлайл, Томас _bК 40 |
||
| 245 | 1 | 0 |
_aГероите, преклонението пред героите и героичното в историята _cТомас Карлайл; прев. от англ. Мария Кръстева; въвед. Исак Соломон Паси. |
| 260 |
_аСофия _bУнив. изд. Св. Климент Охридски _c1997 |
||
| 300 |
_a280 с. _c21 см |
||
| 380 | _a9 | ||
| 490 | 1 |
_aБиблиотека Класическо наследство _vN 30 |
|
| 500 | _aДеп. списък: 3 Пълното име на прев. е Мария Кръстева Георгиева ; 1 065 тир | ||
| 650 | 4 |
_aИстория - философски проблеми _9242500 |
|
| 650 | 4 |
_aЛичност и общество - философско-исторически аспекти _9262710 |
|
| 650 | 4 |
_aЛичност - роля в историята _9262711 |
|
| 852 | _aЦб 194838 | ||
| 856 | 4 |
_qpdf _u |
|
| 856 | 4 |
_qpdf _u |
|
| 942 |
_cKNG _n0 _01 |
||
| 944 |
_aCR _c15.01.2003 _k30560 _lГеновева Генчева |
||
| 944 |
_aED _c15.01.2003 _k |
||
| 999 |
_c18299 _d18299 |
||